00639nam a2200193Ia 4500008004100000020001800041040001900059041001200078082002600090100001600116245009100132260003400223300001800257440007900275504002400354650002500378700002200403850002000425131103s9999 xx 000 0 und d a0 631 15650 x aLoreto College aEnglish a372.4/DAVbLCBED/1653 aDavies, Pat aAspects of early reading growthb a longitudinal study cPat Davies & Phillip Williams aOxfordbBasil Blackwellc1974 a53p. c 21cm. aSchools council research and development project in compensatory education aIncludes references aElementary education aWilliams, Phillip aLCBED/372.4/DAV